| 000 | 00709cam a2200265 4500 | ||
|---|---|---|---|
| 008 | 090401t1995 xxu||||| |||| 00| 0 eng d | ||
| 020 | _a0901666874 | ||
| 035 | _a(Sirsi) u52745 | ||
| 041 | _aeng | ||
| 050 | _a336.21 | ||
| 100 | _aFarrington, Colin | ||
| 245 | _aBusiness rates: your guide. | ||
| 250 | _a2nd ed. | ||
| 260 |
_aLondon _bIRRV _c1995 |
||
| 300 | _a67p. ; 21cm. | ||
| 350 | _a6.89 | ||
| 520 | _aA simple guide to business rates, providing a concise summary of non-domestic rating legislation. | ||
| 650 | _aBUSINESS RATES | ||
| 650 | _aNON-DOMESTIC RATING | ||
| 650 | _aRATING | ||
| 690 | _aRATING AND VALUATION | ||
| 700 | _aDixon, Tom | ||
| 942 | _n0 | ||
| 948 | _c04/03/1997 | ||
| 999 |
_c93156 _d93156 |
||